00785nam a2200229 i 4500003000900000005001700009007000300026008004100029020001800070040003000088082001400118100004300132245008100175250004000256264003900296300002900335336002700364337003400391338002800425500007100453504003100524DO-SdBNP20240821141955.0ta240821s2024 dr 000 0 spa d a9789945654424 aDO-SdBNPbspacBNPHUerda bG216b222 aGarcía Bidó, Rafael,d1953-eautor10aBohío :bindagaciones en nuestra herencia taina /cRafael García Bidó  a2a. edición aumentada y corregida 1aSanto Domingo :bSantuario,c2024. a189 páginas, c24 cm. 2rdacontentatextobtxt 2rdamediaasin mediación bn 2rdacarrieravolumenbnc aIncluye datos biográficos del autor en la solapa de la portada.  aBibliografía p: 183-189.